00527 2200181 4500001002100000005001500021035002000036008004100056245008500097100002100182250001100203260003700214300003200251020002200283084001600305082001000321650001400331INLIS00000000000006520230602013448 a0010-0722000028230602 g 0 ind 1 aBuku Ajar Asuhan Kebidanan 1 :bKonsep Dasar Asuhan Kehamilan /cSuryati Romauli aRomauli, Suryati aCet. 1 aYogyakarta :bNuha Medika,c2011 aviii, 322 hlm ;c16 x 24 cm a978-602-9129-28-1 a618.2 ROM b a618.2 4aKebidanan